[Event "4NCL Online Division 5"]
[Site "online"]
[Date "2020.09.22"]
[Round "3.133"]
[White "Pordes, Ben"]
[Black "Hylands, Keith"]
[Result "1/2-1/2"]
[WhiteElo "1555"]
[BlackElo "1360"]
[PlyCount "91"]
[EventDate "2020.09.22"]
[WhiteTeam "Uxbridge Bombers A"]
[BlackTeam "Watford 3"]

1. d4 Nf6 2. c4 e6 3. Nf3 b6 4. g3 Bb7 5. Bg2 Bb4+ 6. Bd2 Bxd2+ 7. Nbxd2 O-O 8.
O-O d6 9. Qc2 Nbd7 10. e4 e5 11. d5 a5 12. a3 a4 13. b4 axb3 14. Nxb3 Qe7 15.
a4 Ra7 16. a5 Rfa8 17. axb6 cxb6 18. Nfd2 Rxa1 19. Rxa1 Rxa1+ 20. Nxa1 Qd8 21.
Qa4 Qa8 22. Qxa8+ Bxa8 23. Ndb3 Nc5 24. Nxc5 bxc5 25. Nc2 Nd7 26. Na3 Kf8 27.
f4 f6 28. Nb5 Ke7 29. Kf2 g6 30. Ke3 Nb6 31. Bf1 Bb7 32. fxe5 fxe5 33. h4 Bc8
34. Kd2 Bg4 35. Kd3 Bd1 36. Kd2 Bf3 37. Ke3 Bg4 38. Kd3 Nc8 39. Be2 Bxe2+ 40.
Kxe2 Kf6 41. g4 Ke7 42. g5 Kd7 43. Kd3 Nb6 44. Kc3 Ke7 45. Kb3 Kd7 46. Kc3
1/2-1/2

[Event "4NCL Online Division 5"]
[Site "online"]
[Date "2020.09.22"]
[Round "3.134"]
[White "Ramesh, Karthik R"]
[Black "Smith, Richard"]
[Result "1/2-1/2"]
[WhiteElo "1307"]
[BlackElo "1517"]
[PlyCount "91"]
[EventDate "2020.09.22"]
[WhiteTeam "Watford 3"]
[BlackTeam "Uxbridge Bombers A"]

1. f4 d5 2. Nc3 g6 3. Nf3 Bg7 4. d4 Nf6 5. e3 O-O 6. Bd3 e6 7. Ne5 Nbd7 8. O-O
a6 9. Bd2 c5 10. Be1 Qc7 11. Bh4 b5 12. Bxf6 Nxf6 13. Qe1 b4 14. Na4 c4 15. Be2
a5 16. Nc5 Rd8 17. g4 Nd7 18. Ncxd7 Bxd7 19. h4 Be8 20. g5 f6 21. gxf6 Bxf6 22.
Qg3 Qg7 23. Kh2 Ra7 24. Rg1 Kh8 25. Qh3 Bxe5 26. fxe5 Re7 27. Raf1 Bd7 28. h5
Qh6 29. hxg6 Qxh3+ 30. Kxh3 Rg8 31. Rf6 hxg6 32. Rgxg6 Rxg6 33. Rxg6 Rh7+ 34.
Kg2 Rg7 35. Bh5 Rxg6+ 36. Bxg6 Kg7 37. Bh5 c3 38. bxc3 bxc3 39. Be2 Kg6 40. Kf2
Kg5 41. a3 Ba4 42. Bd3 Be8 43. Ke2 Bh5+ 44. Kf2 Be8 45. Ba6 Ba4 46. Bd3 1/2-1/2

[Event "4NCL Online Division 5"]
[Site "online"]
[Date "2020.09.22"]
[Round "3.141"]
[White "Winser, Frederick"]
[Black "Clynes, Chris"]
[Result "1/2-1/2"]
[WhiteElo "1300"]
[BlackElo "1457"]
[PlyCount "30"]
[EventDate "2020.09.22"]
[WhiteTeam "Manchester Juniors C"]
[BlackTeam "Bishop Knights"]

1. e4 c5 2. Nf3 d6 3. Nc3 Nf6 4. d4 cxd4 5. Nxd4 a6 6. Bg5 e6 7. Qf3 Be7 8.
O-O-O e5 9. Nf5 O-O 10. Bxf6 Bxf6 11. Rxd6 Bd7 12. h4 Be7 13. Qg3 g6 14. Nh6+
Kg7 15. Nf5+ Kg8 1/2-1/2

[Event "4NCL Online Division 5"]
[Site "online"]
[Date "2020.09.22"]
[Round "3.142"]
[White "Burnett, John"]
[Black "Eccleston, Rowan"]
[Result "0-1"]
[WhiteElo "1240"]
[BlackElo "1187"]
[PlyCount "130"]
[EventDate "2020.09.22"]
[WhiteTeam "Bishop Knights"]
[BlackTeam "Manchester Juniors C"]

1. e4 e6 2. Nf3 d5 3. Bd3 Nf6 4. Nc3 b6 5. a3 Bb7 6. Qe2 Bd6 7. e5 d4 8. Nb5 c6
9. Nbxd4 Bc5 10. exf6 Bxd4 11. Nxd4 Qxd4 12. fxg7 Qxg7 13. g3 c5 14. Rg1 h5 15.
h4 f5 16. Qxe6+ Kd8 17. Qxf5 Qe7+ 18. Be2 Re8 19. Qd3+ Nd7 20. Kd1 a5 21. Re1
Ba6 22. Qe3 Qd6 23. Qg5+ Nf6 24. d3 c4 25. Bf4 Qc6 26. Rc1 Qe6 27. Be3 Rg8 28.
Qf4 Rg4 29. Qh6 Rg8 30. Bg5 Kd7 31. Bxf6 Qf5 32. d4 Rg6 33. Qh7+ Kc6 34. Be5
Rd8 35. Qc7+ Kb5 36. Bxc4+ Ka4 37. Qc6+ Rxc6 38. Bb3+ Kb5 39. c4+ Rxc4 40.
Bxc4+ Ka4 41. b3+ Kxa3 42. Ra1+ Kb4 43. Ra4+ Kc3 44. Re3+ Kb2 45. d5+ Kb1 46.
Bxa6 Rxd5+ 47. Rd4 Qc2+ 48. Ke1 Qc1+ 49. Ke2 Rxd4 50. Bxd4 Qc2+ 51. Kf3 Qf5+
52. Kg2 Qd5+ 53. Kf1 Qxd4 54. Bd3+ Kb2 55. Bc4 a4 56. Rd3 Qg4 57. Rd2+ Kc3 58.
Rd3+ Kb4 59. f3 Qh3+ 60. Kf2 a3 61. Rd2 a2 62. Bf1 Qh2+ 63. Bg2 a1=Q 64. f4
Qhg1+ 65. Kf3 Qc3+ 0-1

[Event "4NCL Online Division 5"]
[Site "online"]
[Date "2020.09.22"]
[Round "3.151"]
[White "Mason, Ian C"]
[Black "Coates, Kenneth G"]
[Result "0-1"]
[WhiteElo "1897"]
[BlackElo "2065"]
[PlyCount "76"]
[EventDate "2020.09.22"]
[WhiteTeam "Grangemouth Gambiteers"]
[BlackTeam "Crowthorne 1"]

1. d4 d5 2. c4 c6 3. Nf3 Nf6 4. Nc3 dxc4 5. a4 Bf5 6. Ne5 Nbd7 7. Nxc4 Qc7 8.
e3 e5 9. dxe5 Nxe5 10. Nxe5 Qxe5 11. Qb3 O-O-O 12. Be2 a5 13. O-O Bc5 14. Qc4
h5 15. Qf4 Qxf4 16. exf4 Rhe8 17. Bc4 Ng4 18. Be3 Nxe3 19. fxe3 Rxe3 20. Kh1
Rd2 21. Nd1 Re7 22. Nc3 Rxb2 23. Ra2 Rb4 24. Be2 h4 25. h3 Bd4 26. Nd1 Be6 27.
Ra3 Bd5 28. Bd3 Kb8 29. Kh2 Bb3 30. Kh1 Bd5 31. Kh2 f6 32. Kh1 Bf7 33. Kh2 Bb3
34. Kh1 Bxa4 35. Kh2 Bb3 36. Rxa5 b5 37. Nf2 Bd5 38. Ng4 Rb2 0-1

[Event "4NCL Online Division 5"]
[Site "online"]
[Date "2020.09.22"]
[Round "3.152"]
[White "Johnson, Derek R"]
[Black "Will, Douglas"]
[Result "1-0"]
[WhiteElo "2012"]
[BlackElo "1828"]
[PlyCount "47"]
[EventDate "2020.09.22"]
[WhiteTeam "Crowthorne 1"]
[BlackTeam "Grangemouth Gambiteers"]

1. e4 e5 2. Nf3 Nc6 3. d4 exd4 4. Nxd4 Nf6 5. Nxc6 bxc6 6. e5 Qe7 7. Qe2 Nd5 8.
c4 Nb6 9. Nc3 Qe6 10. Qe4 Ba6 11. b3 Bb4 12. Bd2 O-O 13. Bd3 f5 14. exf6 Qxf6
15. Qxh7+ Kf7 16. Qh5+ Ke7 17. O-O Bxc3 18. Rae1+ Kd8 19. Bg5 Bxe1 20. Bxf6+
gxf6 21. Rxe1 Kc8 22. a4 Kb7 23. a5 Nc8 24. b4 1-0

[Event "4NCL Online Division 5"]
[Site "online"]
[Date "2020.09.22"]
[Round "3.153"]
[White "Sandham, Alasdair"]
[Black "Gnanagurusamy, Ganeshbabu"]
[Result "0-1"]
[WhiteElo "1361"]
[BlackElo "1896"]
[PlyCount "86"]
[EventDate "2020.09.22"]
[WhiteTeam "Grangemouth Gambiteers"]
[BlackTeam "Crowthorne 1"]

1. d4 Nf6 2. Nf3 e6 3. Bf4 b6 4. e3 Bb7 5. Nbd2 Be7 6. Bd3 O-O 7. O-O c5 8. c3
Nh5 9. Bxb8 Rxb8 10. Ne5 g6 11. Bb5 Nf6 12. Qa4 d6 13. Nc6 Bxc6 14. Bxc6 a5 15.
Nf3 d5 16. Bb5 Bd6 17. c4 Ne4 18. cxd5 exd5 19. dxc5 Nxc5 20. Qd1 Ne6 21. Rc1
Bc5 22. Rc2 Qd6 23. a3 Rfd8 24. Rd2 Nc7 25. Ba4 b5 26. Bc2 Qe6 27. Nd4 Bxd4 28.
Rxd4 Rd6 29. Bb3 Rbd8 30. Re1 Qe5 31. Re2 Ne6 32. Rdd2 Nc5 33. Ba2 b4 34. axb4
axb4 35. Rd4 Ra8 36. b3 Ne4 37. Rc2 Nc3 38. Qd2 Rda6 39. f4 Qf5 40. Rxb4 Rxa2
41. e4 Ra1+ 42. Kf2 Nxe4+ 43. Rxe4 Qxe4 0-1

[Event "4NCL Online Division 5"]
[Site "online"]
[Date "2020.09.22"]
[Round "3.154"]
[White "Taylor, Mark V"]
[Black "Whitton, Nicholas"]
[Result "1-0"]
[WhiteElo "1832"]
[BlackElo "1052"]
[PlyCount "41"]
[EventDate "2020.09.22"]
[WhiteTeam "Crowthorne 1"]
[BlackTeam "Grangemouth Gambiteers"]

1. d4 d5 2. c4 e6 3. Nc3 Nf6 4. cxd5 exd5 5. Bg5 Be7 6. Qc2 Nc6 7. e3 Bb4 8.
Bd3 Bxc3+ 9. bxc3 Qd6 10. Ne2 Bg4 11. O-O Bxe2 12. Qxe2 Ne7 13. Bf4 Qe6 14. f3
Nh5 15. Bxc7 f5 16. e4 fxe4 17. fxe4 Ng6 18. Qxh5 dxe4 19. Bb5+ Ke7 20. Qc5+
Qd6 21. Qxd6# 1-0

[Event "4NCL Online Division 5"]
[Site "online"]
[Date "2020.09.22"]
[Round "3.161"]
[White "Nunn, John D M"]
[Black "Richardson, Kevin D"]
[Result "1-0"]
[WhiteElo "2545"]
[BlackElo "2194"]
[PlyCount "69"]
[EventDate "2020.09.22"]
[WhiteTeam "Bude Surfers"]
[BlackTeam "Farnham A"]

1. e4 c5 2. Nf3 Nc6 3. d4 cxd4 4. Nxd4 g6 5. c4 Bg7 6. Be3 Nf6 7. Nc3 O-O 8.
Be2 d6 9. O-O Bd7 10. Qd2 Nxd4 11. Bxd4 Bc6 12. f3 a5 13. b3 Nd7 14. Bf2 Nc5
15. Rab1 Qd7 16. a3 Rfc8 17. Rfd1 Qe8 18. Nd5 Bxd5 19. Qxd5 b6 20. Rdc1 Be5 21.
b4 axb4 22. axb4 Na4 23. Qd2 b5 24. f4 Bg7 25. c5 e5 26. cxd6 Qd7 27. Qd5 exf4
28. Bxb5 Qg4 29. h3 Qe6 30. Qxe6 Rxc1+ 31. Rxc1 fxe6 32. Bc6 Nc3 33. Bxa8 Ne2+
34. Kf1 Nxc1 35. Bh4 1-0

[Event "4NCL Online Division 5"]
[Site "online"]
[Date "2020.09.22"]
[Round "3.162"]
[White "Warren, Alex M"]
[Black "Fink-Nunn, Petra"]
[Result "0-1"]
[WhiteElo "2050"]
[BlackElo "2042"]
[PlyCount "102"]
[EventDate "2020.09.22"]
[WhiteTeam "Farnham A"]
[BlackTeam "Bude Surfers"]

1. d4 d5 2. Bf4 c5 3. e3 Nc6 4. c3 Qb6 5. Qb3 c4 6. Qxb6 axb6 7. e4 e6 8. Nf3
b5 9. Nbd2 b4 10. cxb4 Nxb4 11. Kd1 Rxa2 12. Rxa2 Nxa2 13. exd5 exd5 14. Nxc4
dxc4 15. Bxc4 Nb4 16. Re1+ Be7 17. d5 Kf8 18. d6 Bd8 19. Ne5 Be6 20. Bb5 Nf6
21. h3 Nbd5 22. Bd2 h6 23. f4 g6 24. g4 Kg7 25. Bd3 Nb6 26. Bc3 Nbd5 27. Bd2 g5
28. f5 Bd7 29. Bc4 Bc6 30. b4 Nf4 31. Nxf7 Rf8 32. Nxd8 Rxd8 33. Re7+ Kh8 34.
Bxf4 gxf4 35. Re6 Ne4 36. Rxh6+ Kg7 37. Rg6+ Kh7 38. Ke2 Rxd6 39. Rxd6 Nxd6 40.
Bd3 Kh6 41. h4 Nf7 42. f6 Ne5 43. Bf5 Nf7 44. Kf2 Ne5 45. Ke2 Bf3+ 46. Kf2 Bxg4
47. Bxg4 Nxg4+ 48. Kf3 Nxf6 49. Kxf4 Nd5+ 50. Ke5 Nxb4 51. Kd6 Nc6 0-1

[Event "4NCL Online Division 5"]
[Site "online"]
[Date "2020.09.22"]
[Round "3.163"]
[White "Constable, Christine F"]
[Black "Cooper, Malcolm H"]
[Result "1-0"]
[WhiteElo "1615"]
[BlackElo "1817"]
[PlyCount "105"]
[EventDate "2020.09.22"]
[WhiteTeam "Bude Surfers"]
[BlackTeam "Farnham A"]

1. Nf3 Nf6 2. g3 d5 3. d4 c6 4. Bg2 Bg4 5. Nbd2 e6 6. c4 Be7 7. O-O O-O 8. Qc2
Nbd7 9. e4 dxe4 10. Nxe4 Nxe4 11. Qxe4 Nf6 12. Qd3 Bf5 13. Qd1 Qb6 14. b3 Be4
15. Bb2 Rfd8 16. Qc1 c5 17. d5 exd5 18. Ng5 Bxg2 19. Kxg2 h6 20. Nf3 d4 21. Re1
Re8 22. Qc2 Qc6 23. Qd3 Bd6 24. Rad1 Rxe1 25. Rxe1 Re8 26. Rxe8+ Qxe8 27. b4 b6
28. b5 Qa8 29. Kg1 Qe4 30. Qa3 d3 31. Nd2 Qe1+ 32. Kg2 Qxd2 33. Bc3 Qc2 34. Be1
d2 35. Bxd2 Qxd2 36. Qxa7 Qd4 37. Qxb6 Ne4 38. Kf3 Ng5+ 39. Kg2 Ne4 40. Kf3
Nd2+ 41. Kg2 Nxc4 42. Qc6 Ne5 43. Qc8+ Kh7 44. b6 Qd5+ 45. Kg1 Qc6 46. b7 c4
47. b8=Q Bxb8 48. Qxb8 f6 49. Qb1+ Kg8 50. Qb8+ Kh7 51. Qb1+ Nd3 52. Qc2 Qg2+
53. Kxg2 1-0

[Event "4NCL Online Division 5"]
[Site "online"]
[Date "2020.09.22"]
[Round "3.164"]
[White "Frostick, Helen M"]
[Black "Constable, John"]
[Result "1-0"]
[WhiteElo "1855"]
[BlackElo "1570"]
[PlyCount "143"]
[EventDate "2020.09.22"]
[WhiteTeam "Farnham A"]
[BlackTeam "Bude Surfers"]

1. e4 g6 2. Nf3 Bg7 3. d4 d6 4. c3 Nf6 5. Bd3 O-O 6. O-O Nbd7 7. Re1 c5 8. d5
Ng4 9. Nbd2 Nge5 10. Bf1 a6 11. a4 Nb6 12. Nxe5 Bxe5 13. Nc4 Nxc4 14. Bxc4 Bd7
15. f4 Bg7 16. a5 Bb5 17. Qe2 Bd7 18. h3 e6 19. e5 dxe5 20. fxe5 exd5 21. Bxd5
Qc7 22. Bf4 Rae8 23. Bh2 Be6 24. c4 Qd7 25. Qf3 Re7 26. Rad1 Qc7 27. Qc3 Rd8
28. Bxe6 Rxe6 29. Rxd8+ Qxd8 30. Kh1 Qe8 31. Bg3 f6 32. Qb3 Qe7 33. Kh2 fxe5
34. Bf2 e4 35. Be3 Be5+ 36. Kh1 Bb8 37. Rd1 Qc7 38. Bg1 Re7 39. Rd5 Qxa5 40.
Qd1 Ba7 41. Rd8+ Kg7 42. Be3 Qc7 43. Qd5 Bb8 44. Qg8+ Kf6 45. Rxb8 Qe5 46. Qh8+
Kf5 47. Qxe5+ Rxe5 48. Rxb7 h5 49. g3 Re6 50. Kg2 Rd6 51. Rf7+ Ke6 52. Rf2 Rd1
53. Bxc5 Rd3 54. Re2 Ke5 55. Ba7 Rd7 56. Be3 Rd3 57. Kf2 a5 58. c5 a4 59. Rc2
Rd8 60. Rc4 Ra8 61. c6 Rc8 62. c7 Kd5 63. Rc3 Kd6 64. Bf4+ Kd7 65. Rc4 e3+ 66.
Kxe3 Re8+ 67. Kd4 Rc8 68. Rxa4 Re8 69. Rb4 Rc8 70. Rb8 Rxc7 71. Bxc7 Kxc7 72.
Rg8 1-0

[Event "4NCL Online Division 5"]
[Site "online"]
[Date "2020.10.06"]
[Round "4.11"]
[White "Beckett, Chris J"]
[Black "Rawlinson, Aidan M"]
[Result "1-0"]
[WhiteElo "2162"]
[BlackElo "2215"]
[PlyCount "61"]
[EventDate "2020.10.06"]
[WhiteTeam "Woking Warriors"]
[BlackTeam "Manchester Manticores 1"]

1. d4 g6 2. c4 Bg7 3. Nc3 Nf6 4. e4 d6 5. f4 O-O 6. Nf3 c5 7. d5 e6 8. Be2 exd5
9. cxd5 Bg4 10. O-O Nbd7 11. Qc2 Re8 12. h3 Bxf3 13. Bxf3 Qa5 14. Bd2 Rac8 15.
g4 h6 16. g5 hxg5 17. e5 dxe5 18. fxg5 Nh7 19. d6 c4 20. Bd5 Rf8 21. Qxg6 Qxd5
22. Qxg7+ Kxg7 23. Nxd5 Rc6 24. Ne7 Rb6 25. Rab1 f6 26. g6 Ng5 27. Bxg5 fxg5
28. Rxf8 Nxf8 29. Rf1 Rxb2 30. Rf7+ Kh6 31. g7 1-0

[Event "4NCL Online Division 5"]
[Site "online"]
[Date "2020.10.06"]
[Round "4.12"]
[White "Pink, Joshua"]
[Black "Kothari, Jai"]
[Result "1-0"]
[WhiteElo "2080"]
[BlackElo "1295"]
[PlyCount "65"]
[EventDate "2020.10.06"]
[WhiteTeam "Manchester Manticores 1"]
[BlackTeam "Woking Warriors"]

1. Nc3 e5 2. Nf3 Nc6 3. d4 exd4 4. Nxd4 Bc5 5. Nxc6 bxc6 6. Ne4 Bb6 7. Bg5 f6
8. Bh4 Bb7 9. e3 d5 10. Ng3 g5 11. Qh5+ Kf8 12. Bxg5 fxg5 13. Bd3 Qf6 14. O-O
h6 15. Rae1 Ne7 16. Kh1 Qf7 17. Qe2 Ke8 18. f4 Qg8 19. e4 Kd7 20. Qg4+ Kd8 21.
f5 Bc8 22. e5 h5 23. Qf3 h4 24. f6 hxg3 25. fxe7+ Kxe7 26. Qf6+ Ke8 27. Bg6+
Kd7 28. e6+ Kd6 29. Qe5+ Kc5 30. b4+ Kxb4 31. Rb1+ Ka5 32. Qxg3 Qxg6 33. Qa3#
1-0

[Event "4NCL Online Division 5"]
[Site "online"]
[Date "2020.10.06"]
[Round "4.13"]
[White "Seet, Joshua"]
[Black "Hilton, Tim"]
[Result "0-1"]
[WhiteElo "1322"]
[BlackElo "2005"]
[PlyCount "68"]
[EventDate "2020.10.06"]
[WhiteTeam "Woking Warriors"]
[BlackTeam "Manchester Manticores 1"]

1. d4 f5 2. c4 e6 3. Nd2 Nf6 4. Ngf3 Be7 5. g3 O-O 6. Bg2 d6 7. e3 Nc6 8. O-O
e5 9. d5 Nb8 10. b4 a5 11. b5 Nbd7 12. Ba3 h6 13. h4 b6 14. Nb3 Ne4 15. Nbd2
Ndc5 16. Nxe4 Nxe4 17. Nd2 Nf6 18. Nf3 Bd7 19. Qc2 Ng4 20. e4 f4 21. gxf4 Rxf4
22. Bc1 Rxf3 23. Bxf3 Bxh4 24. Kg2 Qf6 25. Bxg4 Bxg4 26. f3 Bh5 27. a4 Rf8 28.
Qd3 Qg6+ 29. Kh1 Qg3 30. Ra3 Qh3+ 31. Kg1 Rf6 32. Qe2 Rg6+ 33. Bg5 Rxg5+ 34.
Qg2 Qxg2# 0-1

[Event "4NCL Online Division 5"]
[Site "online"]
[Date "2020.10.06"]
[Round "4.14"]
[White "Reed, John"]
[Black "Wicks, Alexander"]
[Result "1-0"]
[WhiteElo "1937"]
[BlackElo "1217"]
[PlyCount "41"]
[EventDate "2020.10.06"]
[WhiteTeam "Manchester Manticores 1"]
[BlackTeam "Woking Warriors"]

1. d4 Nf6 2. c4 c5 3. d5 b6 4. Nc3 d6 5. e4 e6 6. f4 e5 7. Nf3 Bg4 8. Be2 Be7
9. fxe5 dxe5 10. Nxe5 Bxe2 11. Qxe2 Bd6 12. Nf3 O-O 13. O-O Na6 14. Bg5 h6 15.
Bxf6 gxf6 16. Nh4 Qc7 17. g3 Be5 18. Nf5 Kh7 19. Qh5 Bf4 20. Rxf4 Kg8 21. Rg4+
1-0

[Event "4NCL Online Division 5"]
[Site "online"]
[Date "2020.10.06"]
[Round "4.21"]
[White "Smith, Richard"]
[Black "Liu, Jason"]
[Result "0-1"]
[WhiteElo "1915"]
[BlackElo "1392"]
[PlyCount "114"]
[EventDate "2020.10.06"]
[WhiteTeam "Wessex Some Stars D"]
[BlackTeam "BCC Penguins"]

1. e4 e6 2. d4 d5 3. Nd2 c5 4. Ngf3 Nc6 5. exd5 exd5 6. c3 Nf6 7. Bb5 Bd7 8.
O-O Be7 9. dxc5 Bxc5 10. Nb3 Be7 11. Bg5 a6 12. Be2 Be6 13. Re1 O-O 14. h3 Qd7
15. Bf1 h6 16. Be3 Rad8 17. Bb6 Rc8 18. Nc5 Bxc5 19. Bxc5 Rfe8 20. Bd4 Nxd4 21.
Nxd4 Bf5 22. Nxf5 Qxf5 23. Qd4 Qc2 24. Reb1 Qe4 25. Rd1 Qxd4 26. Rxd4 Re7 27.
Rad1 Rce8 28. a4 Re4 29. a5 Rxd4 30. Rxd4 g5 31. Rb4 Re7 32. Rb6 Kg7 33. f3 Rd7
34. Bd3 Ng8 35. Bf5 Rc7 36. Kf2 Ne7 37. Bd3 Nc6 38. Ke3 Re7+ 39. Kd2 Nxa5 40.
Bf1 Re6 41. Rb4 b5 42. Bxb5 axb5 43. Rxb5 Nc4+ 44. Kd3 Re5 45. Kd4 Kf6 46. b4
Ke6 47. Rb8 Nd6 48. g4 Re1 49. Rh8 Rd1+ 50. Kc5 Rc1 51. Rxh6+ f6 52. Rh8 Rxc3+
53. Kb6 Rxf3 54. h4 Rh3 55. h5 d4 56. Kc5 d3 57. h6 d2 0-1

[Event "4NCL Online Division 5"]
[Site "online"]
[Date "2020.10.06"]
[Round "4.22"]
[White "Liu, Benjamin"]
[Black "Leeson, Chris J P"]
[Result "0-1"]
[WhiteElo "1000"]
[BlackElo "1810"]
[PlyCount "106"]
[EventDate "2020.10.06"]
[WhiteTeam "BCC Penguins"]
[BlackTeam "Wessex Some Stars D"]

1. d4 d5 2. c4 e6 3. Nc3 f5 4. cxd5 exd5 5. Nf3 Nf6 6. Bg5 c6 7. e3 Bd6 8. Bd3
O-O 9. Qc2 g6 10. h4 Qe8 11. Bxf6 Rxf6 12. h5 f4 13. Ke2 fxe3 14. fxe3 Bf4 15.
Nd1 Bg4 16. hxg6 hxg6 17. Rh4 Bxf3+ 18. gxf3 Bg5 19. Rg4 Bf4 20. Rxg6+ Rxg6 21.
Bxg6 Qe7 22. Kd2 Bh6 23. f4 Nd7 24. Nc3 Nf6 25. Rg1 Bg7 26. Bh7+ Nxh7 27. Qg6
Qf6 28. Qg4 Rf8 29. Qd7 Rf7 30. Qc8+ Nf8 31. Qg4 b5 32. b4 Ne6 33. Qg6 Qxg6 34.
Rxg6 Rf6 35. Rxf6 Bxf6 36. a4 a6 37. axb5 axb5 38. Kd3 Be7 39. f5 Ng5 40. e4
dxe4+ 41. Nxe4 Nxe4 42. Kxe4 Bxb4 43. d5 cxd5+ 44. Kxd5 Bc3 45. Ke6 b4 46. f6
Kf8 47. f7 b3 48. Kd5 b2 49. Ke6 b1=Q 50. Kd7 Kxf7 51. Kc8 Be5 52. Kd8 Qb8+ 53.
Kd7 Qc7# 0-1

[Event "4NCL Online Division 5"]
[Site "online"]
[Date "2020.10.06"]
[Round "4.23"]
[White "Pankaj Tomar"]
[Black "Bell, Euan"]
[Result "1-0"]
[WhiteElo "1787"]
[BlackElo "700"]
[PlyCount "55"]
[EventDate "2020.10.06"]
[WhiteTeam "Wessex Some Stars D"]
[BlackTeam "BCC Penguins"]

1. e4 g6 2. Nf3 d6 3. c3 Nf6 4. Qc2 Bh6 5. Be2 d5 6. e5 Bf5 7. d3 Ng4 8. h3
Nxf2 9. Kxf2 Bxc1 10. Qxc1 O-O 11. g4 Bd7 12. d4 Nc6 13. Nbd2 f6 14. Kg3 fxe5
15. dxe5 e6 16. Nb3 h5 17. gxh5 gxh5 18. Rg1 Rf7 19. h4 Qf8 20. Kh2+ Rg7 21.
Rxg7+ Qxg7 22. Qe3 Rf8 23. Rg1 d4 24. Rxg7+ Kxg7 25. Qg5+ Kf7 26. cxd4 Be8 27.
Bd3 Rg8 28. Qf6# 1-0

[Event "4NCL Online Division 5"]
[Site "online"]
[Date "2020.10.06"]
[Round "4.24"]
[White "Florczak, Adam"]
[Black "Le Fevre, Stephen D"]
[Result "0-1"]
[WhiteElo "700"]
[BlackElo "1745"]
[PlyCount "106"]
[EventDate "2020.10.06"]
[WhiteTeam "BCC Penguins"]
[BlackTeam "Wessex Some Stars D"]

1. e4 c5 2. Nf3 e6 3. Bc4 a6 4. O-O b5 5. Bd3 c4 6. Be2 Bb7 7. d3 cxd3 8. cxd3
d6 9. Ng5 h6 10. Nh3 Nf6 11. Nc3 Nbd7 12. b4 Nb6 13. Be3 d5 14. exd5 Nbxd5 15.
Nxd5 Nxd5 16. Bd4 Nxb4 17. Bc3 Nd5 18. Bd2 Be7 19. Qe1 O-O 20. Ba5 Qd7 21. d4
Rac8 22. Bd3 Bd8 23. Qe4 Nf6 24. Qe3 Bxa5 25. f3 Bb6 26. Rf2 Bxd4 27. Qf4 Bxf2+
28. Kxf2 Qxd3 29. g4 Rc2+ 30. Kg3 Qd2 31. Qxd2 Rxd2 32. Rc1 Rc8 33. Re1 Rcc2
34. Rh1 Rxa2 35. Nf4 Nd5 36. Nxd5 Bxd5 37. h4 Rd3 38. Rf1 Raa3 39. Kf4 Rxf3+
40. Rxf3 Rxf3+ 41. Ke5 b4 42. Kd6 b3 43. Ke7 b2 44. Kd6 b1=Q 45. Ke7 Qb4+ 46.
Kd7 Rc3 47. h5 Qb8 48. g5 hxg5 49. h6 gxh6 50. Ke7 Rc7+ 51. Kf6 Qb4 52. Ke5
Qc3+ 53. Kd6 Qg3# 0-1

[Event "4NCL Online Division 5"]
[Site "online"]
[Date "2020.10.06"]
[Round "4.31"]
[White "Hughes, Colin"]
[Black "Cox, Leon"]
[Result "0-1"]
[WhiteElo "1817"]
[BlackElo "1757"]
[PlyCount "102"]
[EventDate "2020.10.06"]
[WhiteTeam "Uxbridge Knights B"]
[BlackTeam "Cheshire Cats"]

1. e4 e5 2. Nf3 Nc6 3. Bb5 Bc5 4. d3 a6 5. Bc4 h6 6. c3 Nf6 7. a4 O-O 8. Nbd2
Ba7 9. Nf1 Ne7 10. Ng3 Ng6 11. O-O d6 12. d4 exd4 13. cxd4 Bg4 14. Be3 Re8 15.
Bd3 c6 16. h3 Bxf3 17. Qxf3 c5 18. e5 cxd4 19. Bxg6 dxe5 20. Bxf7+ Kxf7 21. Bd2
Qd5 22. Qf5 e4 23. Qxd5+ Nxd5 24. Nf5 Kg8 25. Nd6 Re7 26. Nf5 Re5 27. Nd6 e3
28. f4 Re6 29. Nc4 exd2 30. Nxd2 d3+ 31. Kh2 Rf8 32. f5 Re2 33. Nc4 Ne3 34.
Nxe3 Rxe3 35. Rad1 Rd8 36. f6 gxf6 37. Rxf6 Kg7 38. Rdf1 Rd7 39. R6f3 Rxf3 40.
gxf3 d2 41. Rd1 Be3 42. Kg2 Rc7 43. Kf1 Rc1 44. Ke2 Rxd1 45. Kxd1 Bf4 46. Ke2
Kf6 47. b4 Ke5 48. Kd1 Kd4 49. Ke2 Kc4 50. b5 axb5 51. axb5 Kxb5 0-1

[Event "4NCL Online Division 5"]
[Site "online"]
[Date "2020.10.06"]
[Round "4.32"]
[White "Fisher, Peter"]
[Black "Price, Michael C"]
[Result "0-1"]
[WhiteElo "1727"]
[BlackElo "1747"]
[PlyCount "38"]
[EventDate "2020.10.06"]
[WhiteTeam "Cheshire Cats"]
[BlackTeam "Uxbridge Knights B"]

1. e4 c5 2. Nf3 d6 3. d4 cxd4 4. Nxd4 Nf6 5. Nc3 g6 6. Be2 Bg7 7. Be3 Nc6 8. f3
O-O 9. Qd2 d5 10. exd5 Nxd5 11. Nxd5 Qxd5 12. O-O-O Qxa2 13. c3 Nxd4 14. Bxd4
Bxd4 15. Qxd4 Bf5 16. Bf1 Qb1+ 17. Kd2 Qxb2+ 18. Ke3 Rfc8 19. Bc4 Qxg2 0-1

[Event "4NCL Online Division 5"]
[Site "online"]
[Date "2020.10.06"]
[Round "4.33"]
[White "Knight, David"]
[Black "Beckett, Phill"]
[Result "0-1"]
[WhiteElo "1705"]
[BlackElo "1712"]
[PlyCount "110"]
[EventDate "2020.10.06"]
[WhiteTeam "Uxbridge Knights B"]
[BlackTeam "Cheshire Cats"]

1. c4 e5 2. Nc3 Nf6 3. Nf3 Nc6 4. g3 d5 5. cxd5 Nxd5 6. Bg2 Nb6 7. O-O Be7 8.
e3 O-O 9. d4 exd4 10. Nxd4 Nxd4 11. exd4 c6 12. Be3 Be6 13. Qc2 Nd5 14. Be4
Nxe3 15. fxe3 g6 16. Ne2 Bg5 17. Nf4 Qe7 18. a3 f5 19. Bg2 Bf7 20. Rae1 Rae8
21. e4 fxe4 22. Rxe4 Qd6 23. Ne2 Rxe4 24. Bxe4 Bd5 25. Rxf8+ Kxf8 26. Nc3 Be3+
27. Kg2 Bf7 28. Ne2 Bxd4 29. Qd3 Be5 30. Qc2 Bd5 31. Nc3 Bxc3 32. bxc3 Bxe4+
33. Qxe4 Qd2+ 34. Kh3 Qd7+ 35. Kg2 Qd5 36. Qxd5 cxd5 37. Kf3 Ke7 38. Kf4 Kf6
39. a4 a5 40. h4 h6 41. g4 g5+ 42. hxg5+ hxg5+ 43. Ke3 Ke5 44. Kf3 d4 45. c4 b6
46. Ke2 Kf4 47. Kd3 Kxg4 48. Kxd4 Kf4 49. Kd5 g4 50. Kc6 g3 51. Kxb6 g2 52.
Kxa5 g1=Q 53. Kb5 Qg5+ 54. c5 Ke4 55. a5 Kd4 0-1

[Event "4NCL Online Division 5"]
[Site "online"]
[Date "2020.10.06"]
[Round "4.34"]
[White "Cox, Paul"]
[Black "Knight, Daniel"]
[Result "1-0"]
[WhiteElo "1600"]
[BlackElo "1705"]
[PlyCount "123"]
[EventDate "2020.10.06"]
[WhiteTeam "Cheshire Cats"]
[BlackTeam "Uxbridge Knights B"]

1. e4 d5 2. exd5 Nf6 3. Nc3 Bg4 4. Nf3 Nxd5 5. Nxd5 Qxd5 6. Be2 e6 7. d4 Be7 8.
c3 a6 9. Bf4 c6 10. O-O O-O 11. Ne5 Bxe2 12. Qxe2 Qd8 13. Qg4 Nd7 14. Nf3 Nf6
15. Qg3 Nh5 16. Qg4 Nxf4 17. Qxf4 Bf6 18. Qe4 Re8 19. Rfe1 Qc7 20. Ne5 Bxe5 21.
Qxe5 Qxe5 22. Rxe5 Rad8 23. Rae1 f6 24. Rxe6 Rxe6 25. Rxe6 Kf7 26. Re2 c5 27.
Rd2 Ke6 28. Kf1 cxd4 29. cxd4 Kd5 30. Rc2 Rd7 31. Ke2 Ke4 32. f3+ Kd5 33. Kd3
Re7 34. a4 g5 35. b4 b6 36. b5 axb5 37. axb5 Re6 38. Rc7 Re1 39. Rxh7 Rb1 40.
Rh6 Rb3+ 41. Kc2 Rxb5 42. Rxf6 Kxd4 43. Re6 Rc5+ 44. Kd2 b5 45. Re4+ Kd5 46. h4
gxh4 47. Rxh4 Ke6 48. Rb4 Kf6 49. Ke3 Kg5 50. g4 Rc3+ 51. Ke4 Rc5 52. Kd4 Rc1
53. Rxb5+ Kf4 54. Rf5+ Kg3 55. g5 Kh4 56. g6 Rg1 57. Rf6 Kh5 58. Ke5 Rg5+ 59.
Ke6 Rxg6 60. f4 Rg3 61. Rf8 Kg6 62. Rg8+ 1-0

[Event "4NCL Online Division 5"]
[Site "online"]
[Date "2020.10.06"]
[Round "4.41"]
[White "Mackle, Dominic"]
[Black "Hilditch-Love, Daniel"]
[Result "1-0"]
[WhiteElo "2192"]
[BlackElo "1682"]
[PlyCount "59"]
[EventDate "2020.10.06"]
[WhiteTeam "Hackney Thirsty"]
[BlackTeam "Shropshire 4"]

1. d4 Nf6 2. Bf4 c5 3. d5 b5 4. c4 Bb7 5. Nf3 d6 6. Nbd2 Nbd7 7. e4 Nh5 8. Be3
b4 9. Bd3 g6 10. Qe2 Bg7 11. Nf1 Nhf6 12. h3 Qc7 13. g4 O-O 14. Ng3 e6 15. g5
Ne8 16. h4 Ne5 17. Nxe5 Bxe5 18. h5 Bh8 19. dxe6 fxe6 20. hxg6 hxg6 21. O-O-O
Qf7 22. f4 Bd4 23. Rh4 Bxe3+ 24. Qxe3 Ng7 25. Rdh1 Qc7 26. Rh6 Kf7 27. Rf1 Rae8
28. Qf2 d5 29. exd5 Nf5 30. Nxf5 1-0